| 000 | 00932cam a2200265 i 4500 | ||
|---|---|---|---|
| 001 | 18914645 | ||
| 005 | 20241028094210.0 | ||
| 008 | 151222s2016 nju 001 0 eng | ||
| 020 | _a9781118881910 (hardback) | ||
| 020 | _z9781118882276 (epub) | ||
| 050 | 0 | 0 |
_aNA2542.36 _b.K44 2016 |
| 082 | 0 | 0 |
_a720/.47 _223 |
| 100 | 1 |
_aKeeler, Marian, _eauthor. |
|
| 245 | 1 | 0 |
_aFundamentals of integrated design for sustainable building / _cMarian Keeler, Prasad Vaidya. |
| 250 | _aSecond edition. | ||
| 260 |
_aHoboken, New Jersey _bJohn Wiley & Sons, Inc _c2016 |
||
| 300 |
_axix, 372 pages ; _c29 cm |
||
| 500 | _aIncludes index. | ||
| 650 | 0 | _aSustainable architecture. | |
| 650 | 0 |
_aArchitecture _xEnvironmental aspects. |
|
| 650 | 7 |
_aARCHITECTURE / Design, Drafting, Drawing & Presentation. _2bisacsh |
|
| 650 | 7 |
_aARCHITECTURE / Sustainability & Green Design. _2bisacsh |
|
| 700 | 1 | _aVaidya, Prasad, | |
| 942 |
_2lcc _cBK _e2nd Ed. _n0 |
||
| 999 |
_c264 _d264 |
||